000 00450nam a2200169 a 4500
001 3243
005 20180713183201.0
008 140415s1982 sp 000 0 spa d
041 _aspa
082 _a592
_bHAR
100 1 _aHARO VERA, A. DE
245 1 0 _aATLAS DE ZOOLOGIA :
_bINVERTEBRADOS
250 _a18A ED.
260 _aESPAÑA :
_bEDICIONES JOVER,
_c1982
300 _a82
650 1 4 _aINVERTEBRADOS
_xATLAS
_xZOOLOGIA
_xATLAS
999 _c3243
_d3243